Города Беларуси по населению - Statistics

General Stats
  • This quiz has been taken 50 times
  • The average score is 14 of 23
Answer Stats
Место Население Город % Correct
1 1 995 471 Минск
100%
3 359 148 Витебск
95%
2 501 802 Гомель
91%
4 358 717 Гродно
91%
6 342 461 Брест
91%
10 124 613 Пинск
82%
8 172 150 Барановичи
77%
9 136 409 Борисов
77%
5 353 338 Могилев
73%
7 208 611 Бобруйск
73%
12 103 915 Лида
64%
14 98 590 Солигорск
64%
17 79 960 Полоцк
64%
15 96 320 Новополоцк
59%
11 105 321 Мозырь
50%
13 103 658 Орша
50%
16 89 268 Молодечно
50%
20 64 000 Жодино
45%
18 77 049 Жлобин
41%
21 63 202 Светлогорск
32%
19 65 423 Речица
27%
22 60 376 Слуцк
27%
23 52 670 Кобрин
23%
No matching quizzes found
Score Distribution
Percent of People with Each Score
Percentile by Number Answered
Your Score History
You have not taken this quiz